La Autonomía local : análisis jurisprudencial / José Manuel Bandrés ... [et. al.] ; prólogo de Pascual Sala Sánchez análisis jurisprudencial / José Manuel Bandrés ... [et. al.] ; prólogo de Pascual Sala Sánchez
ISBN:
84-7248-487-4
Descripción Física:
241 p. ; 21 cm
MARC
| LEADER | 00000nam a2200000Ia 4500 | ||
|---|---|---|---|
| 001 | 13232 | ||
| 008 | 160829s1998 xx 000 0 cat d | ||
| 017 | |a DL M. 8431-1998 | ||
| 020 | |a 84-7248-487-4 | ||
| 080 | |a D-1-182 | ||
| 245 | |a La Autonomía local : |b análisis jurisprudencial / José Manuel Bandrés ... [et. al.] ; prólogo de Pascual Sala Sánchez | ||
| 260 | |a Barcelona : |b Diputació de Barcelona ; Madrid: |b Marcial Pons, |c 1998 | ||
| 300 | |a 241 p. ; |c 21 cm | ||
| 650 | 0 | |a Autonomia municipal |z Espanya |9 34464 | |
| 650 | 0 | |a Dret municipal |z Espanya |9 11112 | |
| 700 | |a Bandrés Sánchez-Cruzat, José Manuel |e autor |9 37478 | ||
| 700 | |a Sala Sánchez, Pascual |e escriptor del pròleg |9 23535 | ||
| 901 | |a Arxiu | ||
| 942 | |n 1 |2 udc | ||
| 952 | |0 0 |1 0 |4 0 |6 D1182 |7 1 |9 46527 |a Arxiu |b Arxiu |d 2016-12-01 |l 0 |o D-1-182 |p 13232 |r 2016-12-01 00:00:00 |w 2016-12-01 |y ARXIU | ||
| 952 | |0 0 |1 0 |4 0 |6 PDL |7 1 |9 62069 |a Arxiu |b Arxiu |d 2022-05-26 |l 0 |o PDL |p 25674 |r 2022-05-26 00:00:00 |w 2022-05-26 |y ARXIU | ||
| 952 | |0 0 |1 0 |4 0 |6 PDL |7 1 |9 63578 |a Arxiu |b Arxiu |d 2022-08-30 |l 0 |o PDL |p 26568 |r 2022-08-30 00:00:00 |w 2022-08-30 |y ARXIU | ||
| 952 | |0 0 |1 0 |4 0 |6 PDL |7 1 |9 63797 |a Arxiu |b Arxiu |d 2022-09-06 |l 0 |o PDL |p 26718 |r 2022-09-06 00:00:00 |w 2022-09-06 |y ARXIU | ||
| 999 | |c 50318 |d 50318 | ||